| 000 | 00759cab a2200205 4500 | ||
|---|---|---|---|
| 001 | WB2803-44 | ||
| 008 | 090401t1992 xxu||||| |||| 00| 0 eng d | ||
| 035 | _a(Sirsi) u7535 | ||
| 041 | _aeng | ||
| 245 | _aZone streamlining | ||
| 260 | _c1992 | ||
| 350 | _a0 | ||
| 490 |
_aPlanning (for the Natural and Built Environment) _v(950) 10 January 1992, 24(1) |
||
| 520 | _aThe Government has published draft guidance on simplified planning zones, to combine advice in DoE Circular 25/87 and PPG5. It aims to streamline arrangements for establishing SPZs under Planning and Compensation Act 1991 s28. | ||
| 650 | _aPLANNING POLICY GUIDANCE | ||
| 650 | _aSIMPLIFIED PLANNING ZONES | ||
| 690 | _aPLANNING LAW AND PRACTICE | ||
| 942 | _n0 | ||
| 948 | _c04/03/1997 | ||
| 999 |
_c4566 _d4566 |
||